Statistics for Generator Puzzle #45

Click here to take the quiz!

General Stats

  • This quiz has been taken 173 times
  • The average score is 13 of 21

Answer Stats

Answer% Correct
multi-nation currencyeuro
95%
taste of lemonsour
92%
Chinese frypanwok
91%
join using stitchingsew
87%
aromatic flowerrose
83%
opposite of columnrow
81%
colored cheek powderrouge
78%
ugly monsterogre
72%
bring court proceedingssue
72%
mineable rockore
68%
convinced ofsure
67%
Clinton's VPGore
66%
to regretrue
60%
not so goodworse
60%
144gross
53%
strong desireurge
53%
loose carpet squarerug
41%
sadness, distresswoe
40%
when crowds or tides rushsurge
34%
9-letter wordGUESSWORK
24%
spiky plantgorse
16%

Score Distribution

Percentile by Number Answered

Percent of People with Each Score

Your Score History

You have not taken this quiz